Langues Indo-Européennes - Carte Quiz - Statistiques

Statistiques générales
  • Ce quiz a été pris 337 fois
  • Le résultat moyen est 47 sur 104
Réponses sur la Carte
Les réponses sont colorées sur une échelle allant du rouge au vert en fonction du pourcentage des utilisateurs qui les ont devinées à leur premier essai. Vous pouvez retrouver ces pourcentages ci-dessous.
 
Statistiques - réponses
Réponses % Correct
Français
98%
Anglais
95%
Russe
95%
Haut Allemand
94%
Portugais
94%
Castillan
93%
Catalan
90%
Gaëlique Irlandais
90%
Grec
90%
Toscan
90%
Breton
89%
Suédois
89%
Ukrainien
89%
Roumain
88%
Norvégien
87%
Persan
87%
Néerlandais
86%
Albanais
85%
Bulgare
85%
Occitan
85%
Bielorusse
84%
Danois
84%
Gaëlique Ecossais
84%
Serbe
84%
Gallois
83%
Letton
83%
Lituanien
83%
Polonais
83%
Islandais
82%
Tcheque
82%
Corse
81%
Slovaque
80%
Slovène
78%
Croate
77%
Hindi
77%
Sicilien
77%
Arménien
74%
Sarde
72%
Macedonien
71%
Galicien
67%
Kurde
66%
Bosnien
61%
Pachto
60%
Népalais
58%
Bengali
56%
Montenegrin
55%
Romanche
55%
Napolitain
51%
Luxembourgeois
45%
Frisson
41%
Tadjik
41%
Franco-Provençal
39%
Lombard
38%
Ossète
36%
Piémontais
34%
Aragonais
33%
Cornique
33%
Asturien
32%
Scots
30%
Pendjabi
29%
Gujarati
28%
Ligure
27%
Bas Allemand
26%
Rusyn
26%
Divehi
25%
Féroïen
25%
Vénétien
25%
Singhalais
24%
Dari
21%
Aroumain
19%
Frioulan
19%
Marathi
19%
Cachoube
17%
Haut Sorabe
17%
Baloutchi
13%
Cachemiri
13%
Limbourgeois
11%
Sindhi
10%
Tat
10%
Zazaki
8%
Assamais
7%
Bihari
7%
Odia
7%
Rajasthani
7%
Bas Sorabe
6%
Emilien-Romagnol
6%
Lori
6%
Guilaki
5%
Pamir
4%
Italien Central
3%
Konkani
3%
Mazandarani
3%
Talysh
3%
Dogri
2%
Gurani
2%
Ormuri
2%
Bhili
1%
Khandeshi
1%
Khowar
1%
Kohistani
1%
Pahâri
1%
Pashai
1%
Semnani
1%
Shina
1%
Aucun quiz correspondant
Distribution des résultats
% des personnes avec chaque résultat
Percentile par nombre de réponses
Votre historique - résultats
Vous n’avez pas pris ce quiz